000 00620nam a2200241Ia 4500
003 OSt
005 20220918182328.0
006 a|||||r|||| 00| 0
007 ta
008 220917b |||||||| |||| 00| 0 eng d
024 _a31,946
037 _cTextual
040 _aARTS
_cARTS
_beng
041 _2eng
_aeng
082 _aO-,3M3:g, M6
100 _aDuthie Enind L
_960049
245 0 _aBrontes and nature
260 _aN.Y
_bSt Martin s Press
_c1986
300 _aix,273p.
_ccm.
650 _aENGLISH LITERATURE
942 _hO-,3M3:g, M6
_cTEXL
_2CC
999 _c168581
_d168581